00695nam a2200241 a 45000010010000000030011000100080041000210200018000620350026000800920013001061000017001192450032001362600063001683000015002315000012002466500018002588560031002769420012003079520091003199900006004109980020004169990017004360001-1081ELIB.Books150114 2010 eng  a9780802822192 a(ELIB.Books)0001-1236 a225bBru aBruce. F. F. aThe New Testament Documents aGrand RapidsbWilliam B. Eerdmans Publishing Companyc1981 a135c21 Cm aLibrary aNew Testament nKBTS; LibraryuKBTS; Elib. 2ddccBK 00102ddc4070aKBTSbKBTSd2015-01-14l0p15343r2022-01-22 00:00:00w2022-01-22yBK a1 cbate2015-01-14 c11081d11081